Science Quiz

Random Science or Elements Quiz

Periodic table by groups Quiz Stats

 Plays Quiz not verified by Sporcle

Score 0/44 Timer 10:00
0 Plays Today
Group Elements % Correct
Group 1 Period 1Hydrogen
98.8%
Period 2Lithium
95%
3Sodium
93.8%
4Potassium
93.8%
5Rubidium
87.5%
7Francium
78.8%
4Calcium
77.5%
3Magnesium
76.3%
Group 2 Period 2Beryllium
72.5%
5Strontium
72.5%
Group 3 Period 2Boron
70%
6Caesium
67.5%
7Radium
67.5%
Group 4 Period 2Carbon
66.3%
3Silicon
65%
6Barium
63.8%
4Germanium
62.5%
Group 5 Period 2Nitrogen
62.5%
Group 6 Period 2Oxygen
62.5%
3Aluminium
61.3%
Group 7 Period 2Fluorine
61.3%
3Chlorine
61.3%
Group Elements % Correct
4Arsenic
60%
3Sulfur
60%
4Bromine
60%
5Iodine
60%
4Gallium
58.8%
5Tin
58.8%
3Phosphorus
58.8%
Group 8 Period 1Helium
58.8%
2Neon
58.8%
3Argon
58.8%
5Xenon
58.8%
6Lead
57.5%
5Antimony
57.5%
4Krypton
57.5%
5Indium
56.3%
4Selenium
56.3%
6Radon
56.3%
6Thallium
55%
6Bismuth
55%
6Polonium
55%
6Astatine
55%
5Tellurium
52.5%

You're not logged in!

Compare scores with friends on all Sporcle quizzes.
OR
Log In

Show Comments

Extras

Top Quizzes Today


Score Distribution

Your Account Isn't Verified!

In order to create a playlist on Sporcle, you need to verify the email address you used during registration. Go to your Sporcle Settings to finish the process.

Report this User

Report this user for behavior that violates our Community Guidelines.

Details: